000 00440nam a22001697a 4500
005 20180712114507.0
008 160525b xxu||||| |||| 00| 0 eng d
020 _a81-7808-591-7
041 _aeng
082 _b4969
100 _aHORNGREN, T. CHARLES AND OTHERS
_94531
245 _aIntroduction to Management Accounting
260 _aNew Delhi
_bAcademic Faundation
_c2004
300 _a789
650 _aManagement
_9241
942 _cBK
999 _c1742
_d1741